Những cơ sở triết học trong ngôn ngữ học
Dành cho giáo viên ngữ văn và chính trị về đường lối triết học Marx-Lênin, tiêu biểu trong công tác nghiên cứu ngôn ngữ học ở Liên Xô; Những đánh giá có phê phán các khuynh hướng ngôn ngữ học Tây Âu và Mỹ từ lập trường triết học Mac-Lênin...
שמור ב:
| מחברים אחרים: | |
|---|---|
| פורמט: | ספר |
| שפה: | Vietnamese |
| יצא לאור: |
H.
Giáo dục
1984
|
| נושאים: | |
| תגים: |
הוספת תג
אין תגיות, היה/י הראשונ/ה לתייג את הרשומה!
|
| Thư viện lưu trữ: | Mạng thư viện Đại học Đà Nẵng |
|---|
| LEADER | 01348nam a2200325 4500 | ||
|---|---|---|---|
| 001 | 000007800 | ||
| 003 | 3967 | ||
| 005 | 20111019151005.0 | ||
| 008 | 111011s1984 viesd | ||
| 041 | 0 | |a vie | |
| 082 | |a 410.1 |b CơS | ||
| 245 | 0 | |a Những cơ sở triết học trong ngôn ngữ học |c Trúc Thanh dịch | |
| 260 | |a H. |b Giáo dục |c 1984 | ||
| 300 | |a 240tr |c 19 cm | ||
| 500 | |a Dịch từ bản tiếng Nga | ||
| 520 | |a Dành cho giáo viên ngữ văn và chính trị về đường lối triết học Marx-Lênin, tiêu biểu trong công tác nghiên cứu ngôn ngữ học ở Liên Xô; Những đánh giá có phê phán các khuynh hướng ngôn ngữ học Tây Âu và Mỹ từ lập trường triết học Mac-Lênin | ||
| 653 | |a Ngôn ngữ học | ||
| 653 | |a triết học Mác-Lênin | ||
| 653 | |a triết học | ||
| 700 | |a Trúc Thanh |e Dịch | ||
| OWN | |a LSP | ||
| AVA | |a UDN50 |b LSP |d 410.1 CơS |e available |t Error 5001 Not defined in file expand_doc_bib_avail. |f 3 |g 1 |h N |i 0 |k 1 | ||
| 999 | |a From the UDN01 | ||
| AVA | |a UDN50 |b LSP |d 410.1 CơS |e available |t Error 5001 Not defined in file expand_doc_bib_avail. |f 3 |g 1 |h N |i 0 |k 1 | ||
| TYP | |a Monograph | ||
| TYP | |a Printed language | ||
| 980 | |a Mạng thư viện Đại học Đà Nẵng | ||